Detectives en bariloche /

Guardado en:
Autor Principal: Brandán Aráoz, María
Otros Autores: Merino, Vladimiro, il.
Formato: Libro
Publicado: Buenos Aires : Alfaguara, 2000.
Materias:
Etiquetas: Agregar Etiqueta
Sin Etiquetas, Sea el primero en etiquetar este registro!
LEADER 00887nam a22002415a 4500
001 CEM.cems011564
008 130507s2000##################000#0#####d
005 20230426120628.0
245 1 0 |a Detectives en bariloche /  |c María Brandán Aráoz ; ilustraciones de Vladimiro Merino. 
260 |a Buenos Aires :  |b Alfaguara,  |c 2000. 
300 |a 311 p. 
020 |a 950511608X 
100 1 |a Brandán Aráoz, María 
700 1 |a Merino, Vladimiro, il. 
082 0 4 |a A863.4 
653 |a Literatura 
653 |a Literatura juvenil 
653 |a Novelas 
653 |a Novelas policiales 
859 |a CEMS  |b BIB. CEMS - Inicial y Primaria  |h A863.4  |i B733-1  |k IP  |p 2098  |t Ej.1 
859 |a CEMS  |b BIB. CEMS - 11 de abril  |h A863.4  |i B733-3  |p 22519.04  |t Ej.1 
859 |a CEMS  |b BIB. CEMS - 11 de abril  |h A863.4  |i B733-3  |p 29410.23  |t Ej.2 
859 |a CEMS  |b BIB. CEMS - Inicial y Primaria  |h A863.4  |i B733-1  |k IP  |p 2099  |t Ej.2